| 000 | 00537nam a2200205Ia 4500 | ||
|---|---|---|---|
| 003 | GCL | ||
| 005 | 20240530095856.0 | ||
| 008 | 140319s9999 xx 000 0 eng d | ||
| 040 |
_aGCL / _cGCL |
||
| 082 | 0 | 4 | _a759FM |
| 100 | 1 | _aFAUCHEREAU, SERGE | |
| 245 | 1 | 0 |
_aMONDRIAN:AND THE NEO-PLASTICIST UTOPIA / _cFAUCHEREAU, SERGE |
| 260 |
_a[S.N] : _bACADEMY EDITIONS ، _c1994 |
||
| 300 | _a128 | ||
| 650 | 0 | 4 | _aMONDRIAN, PIET |
| 650 | 0 | 4 | _aPAINTINGS |
| 650 | 0 | 4 | _aGERMAN - PAINTERS |
| 650 | 0 | 4 | _aALSTRACT MADERNISN |
| 942 |
_2ddc _cBK |
||
| 999 |
_c11635 _d11635 |
||